| 000 | 00510nam a2200169 i 4500 | ||
|---|---|---|---|
| 001 | 40994 | ||
| 003 | ES-MaACL | ||
| 005 | 20230906160344.0 | ||
| 007 | t| | ||
| 008 | 030307s1969 sp ||||1| spa d | ||
| 245 | 0 | 0 |
_aCartas sobre el noviazgo y el matrimonio / _cKrenzer... [et al.] ; traducción Venancio Mancebo. |
| 260 |
_aZalla (Vizcaya) : _bPaulinas, _c1969. |
||
| 300 |
_a259 p. ; _c19 cm. |
||
| 700 | 1 |
_aKrenzer. _968812 |
|
| 700 | 1 |
_aMancebo, Venancio. _975915 |
|
| 852 |
_aES-MaACL _jC-50882 _bR.70661 |
||
| 999 |
_c40994 _d40994 |
||